[Event "Memorial Romana Baka OPEN FIDE"]
[Site "Starochorzowski Dom Kultury, C"]
[Date "2014.09.29"]
[Round "5.2"]
[White "Kaczmarek, Aleksander"]
[Black "Piesik, Piotr"]
[Result "0-1"]
[WhiteElo "2289"]
[BlackElo "2231"]
[PlyCount "142"]
[EventDate "2014.??.??"]

1. e4 e6 2. Nf3 d5 3. e5 c5 4. b4 b6 5. Be2 Nh6 6. O-O Nf5 7. b5 a6 8. d4 axb5
9. Bxb5+ Bd7 10. Bd3 Nxd4 11. Nxd4 cxd4 12. Nd2 Nc6 13. Re1 Qc7 14. f4 Nb4 15.
Bb2 Ba4 16. Nb3 Nxd3 17. Qxd3 Bb4 18. Red1 O-O 19. Nxd4 Rfc8 20. a3 Bc5 21. Kh1
Bxd4 22. Qxd4 Bxc2 23. Rac1 Qb7 24. Qd2 Be4 25. Rxc8+ Rxc8 26. Rc1 Rxc1+ 27.
Bxc1 Qa6 28. Kg1 Qc4 29. Bb2 h5 30. Kf2 Qb3 31. h4 Qa2 32. Kg3 Qb1 33. Bd4 Qb3+
34. Kh2 b5 35. Bc5 Qc4 36. Qf2 Kh7 37. Qd4 Qc1 38. Qe3 Qd1 39. Qf2 Qd3 40. Qg3
Qd2 41. Qf2 Qd1 42. Qe3 Bf5 43. Qf2 Kg6 44. Qg3+ Bg4 45. Qc3 Kf5 46. Bf2 Qe2
47. Kg3 Qc4 48. Qe3 Be2 49. Qd2 Bd3 50. Be3 d4 51. Bf2 Ke4 52. Kh2 Qc2 53. Qe1+
Be2 54. Qb4 Qc3 55. Qe7 Kd3 56. Qxf7 Bg4 57. Qg6+ Ke2 58. Bg1 d3 59. Qe4+ Kd1
60. Bd4 Qc2 61. Kg1 Qe2 62. Be3 Qe1+ 63. Kh2 Qxh4+ 64. Kg1 Qe1+ 65. Kh2 Bf5 66.
Qd4 Ke2 67. a4 bxa4 68. g4 Qh4+ 69. Kg1 Qxg4+ 70. Kh2 Qh3+ 71. Kg1 Qxe3+ 0-1

[Event "Memorial Romana Baka OPEN FIDE"]
[Site "Starochorzowski Dom Kultury, C"]
[Date "2014.09.29"]
[Round "5.3"]
[White "Zawierucha, Aleksander"]
[Black "Sroka, Janusz"]
[Result "0-1"]
[WhiteElo "1957"]
[BlackElo "2069"]
[PlyCount "62"]
[EventDate "2014.??.??"]

1. d4 Nf6 2. c4 g6 3. Nc3 Bg7 4. e4 d6 5. Nf3 O-O 6. Be2 Nbd7 7. Bg5 h6 8. Bh4
e5 9. d5 g5 10. Bg3 Nh5 11. Nd2 Nf4 12. O-O f5 13. exf5 Nc5 14. Bxf4 exf4 15.
g4 fxg3 16. fxg3 Bxf5 17. Nb3 Qe7 18. Qd2 Nxb3 19. axb3 a6 20. Rae1 Bh3 21.
Rxf8+ Rxf8 22. Bd3 Bd4+ 23. Kh1 Qf6 24. Qe2 Qf2 25. Qxf2 Rxf2 26. Be4 Rxb2 27.
Nd1 Rxb3 28. Bc2 Rf3 29. Be4 Rf1+ 30. Rxf1 Bxf1 31. h4 Be2 0-1

[Event "Memorial Romana Baka OPEN FIDE"]
[Site "Starochorzowski Dom Kultury, C"]
[Date "2014.09.29"]
[Round "5.4"]
[White "Rak, Dariusz"]
[Black "Sensula, Marek"]
[Result "0-1"]
[WhiteElo "1869"]
[BlackElo "1757"]
[PlyCount "70"]
[EventDate "2014.??.??"]

1. d4 d5 2. c4 e6 3. Nc3 Nf6 4. Bg5 c6 5. e4 h6 6. Bxf6 Qxf6 7. cxd5 exd5 8.
exd5 Bb4 9. Qe2+ Kf8 10. Qc4 Qe7+ 11. Nge2 Bf5 12. a3 Bd6 13. dxc6 bxc6 14. Rd1
Kg8 15. d5 c5 16. Nb5 Nd7 17. Nxd6 Qxd6 18. Qf4 Qg6 19. Ng3 Re8+ 20. Be2 Bd3
21. Rd2 Bxe2 22. Rxe2 Qb1+ 23. Kd2 Qxb2+ 24. Kd1 Rxe2 25. Nxe2 Qb3+ 26. Kd2
Qxd5+ 27. Ke1 Ne5 28. Qe3 Nd3+ 29. Kf1 Kh7 30. Kg1 Nf4 31. f3 Nxe2+ 32. Qxe2
Qd4+ 33. Kf1 Rb8 34. g3 Rb1+ 35. Kg2 Rb2 0-1

[Event "Memorial Romana Baka OPEN FIDE"]
[Site "Starochorzowski Dom Kultury, C"]
[Date "2014.09.29"]
[Round "5.5"]
[White "Szmyd, Arkadiusz"]
[Black "Tchorzewski, Kazimierz"]
[Result "1-0"]
[WhiteElo "2144"]
[BlackElo "1828"]
[PlyCount "99"]
[EventDate "2014.??.??"]

1. e4 c5 2. Nf3 d6 3. d4 cxd4 4. Nxd4 a6 5. c4 e5 6. Nc2 f5 7. exf5 Bxf5 8. Nc3
Nf6 9. Ne3 Be6 10. Be2 Be7 11. O-O O-O 12. Bf3 Nc6 13. Bd5 Bf7 14. Bxf7+ Rxf7
15. Ned5 Rb8 16. a4 Nd4 17. Be3 Ne6 18. Qd2 Bf8 19. Bb6 Qd7 20. b3 Qc6 21. a5
Nd7 22. Be3 Ndc5 23. Rab1 Nd7 24. Rfc1 Nf6 25. f3 Nh5 26. Ne4 Nhf4 27. Nxf4
Nxf4 28. Bxf4 Rxf4 29. Qd5+ Kh8 30. Rd1 Rd8 31. c5 Qe8 32. cxd6 Qg6 33. Qxe5
Rxf3 34. Qg5 Qxg5 35. Nxg5 Rf6 36. Rbc1 h6 37. Ne4 Re6 38. Nc5 Rexd6 39. Rxd6
Rxd6 40. Nxb7 Rd5 41. Rc6 Rb5 42. Rb6 Bc5+ 43. Nxc5 Rxc5 44. b4 Rc1+ 45. Kf2
Rb1 46. h4 Kg8 47. Kf3 Kf7 48. g4 g6 49. h5 gxh5 50. gxh5 1-0

[Event "Memorial Romana Baka OPEN FIDE"]
[Site "Starochorzowski Dom Kultury, C"]
[Date "2014.09.29"]
[Round "5.6"]
[White "Kubicka, Anna"]
[Black "Morkisz, Bogdan"]
[Result "0-1"]
[WhiteElo "1734"]
[BlackElo "2123"]
[PlyCount "90"]
[EventDate "2014.??.??"]

1. e4 e6 2. d4 d5 3. Nd2 Nf6 4. e5 Nfd7 5. Bd3 c5 6. c3 Nc6 7. Ne2 cxd4 8. cxd4
f6 9. exf6 Qxf6 10. Nf3 h6 11. Nf4 Bb4+ 12. Kf1 O-O 13. Qc2 Rd8 14. Bh7+ Kh8
15. Nh5 Qe7 16. h4 Nf8 17. Bg5 Qf7 18. Bxd8 Qxh5 19. Bd3 Nxd8 20. Ne5 Bd6 21.
g4 Qe8 22. g5 Bxe5 23. dxe5 Nf7 24. f4 Bd7 25. Rg1 Bb5 26. Kg2 Bxd3 27. Qxd3
Qa4 28. Kg3 h5 29. Rgc1 Qd7 30. Rc3 Nd8 31. b4 Qf7 32. Rac1 Ng6 33. Qd2 Nc6 34.
b5 Nce7 35. Rc7 Rf8 36. Kh2 Qf5 37. Rxb7 Qg4 38. Rf1 Qxh4+ 39. Kg1 Nf5 40. Qh2
Qg4+ 41. Kf2 Nxf4 42. Ke1 Ne3 43. Rxf4 Rxf4 44. Rb8+ Kh7 45. g6+ Kxg6 0-1

[Event "Memorial Romana Baka OPEN FIDE"]
[Site "Starochorzowski Dom Kultury, C"]
[Date "2014.09.29"]
[Round "5.7"]
[White "Faron, Rafal"]
[Black "Pasieka, Marcin"]
[Result "1-0"]
[WhiteElo "2034"]
[BlackElo "1626"]
[PlyCount "117"]
[EventDate "2014.??.??"]

1. d4 Nf6 2. Bg5 Ne4 3. Bf4 c5 4. f3 Qa5+ 5. c3 Nf6 6. Nd2 cxd4 7. Nb3 Qb6 8.
Qxd4 Qxd4 9. cxd4 d5 10. e3 e6 11. Rc1 Nc6 12. a3 Bd7 13. Bd3 Be7 14. Nc5 Bxc5
15. Rxc5 Ke7 16. Ne2 Nh5 17. Bg5+ f6 18. Bh4 g5 19. Bf2 b6 20. Rc3 a6 21. h4 h6
22. g4 Ng7 23. Bg3 b5 24. Kf2 Rac8 25. b4 Na7 26. Rc5 Rxc5 27. bxc5 Ne8 28.
hxg5 fxg5 29. Be5 Nf6 30. a4 Kf7 31. axb5 Bxb5 32. Nc1 Nc6 33. Bxb5 axb5 34.
Nd3 Nxe5 35. Nxe5+ Kg7 36. Ra1 Rb8 37. Ra6 b4 38. Rb6 Rf8 39. Rb7+ Kg8 40. Rxb4
Ne4+ 41. Kg2 Nd2 42. Rb2 Nc4 43. Nxc4 dxc4 44. Rc2 Kf7 45. Rxc4 Rc8 46. Kf2 Kg6
47. e4 Kf6 48. Ke3 Ra8 49. c6 Ra3+ 50. Kd2 Ra8 51. c7 Rc8 52. Kd3 Ke7 53. d5
exd5 54. exd5 Kd6 55. Kd4 Kd7 56. Rc6 Rxc7 57. Rxc7+ Kxc7 58. Ke5 Kd7 59. Kf6
1-0

[Event "Memorial Romana Baka OPEN FIDE"]
[Site "Starochorzowski Dom Kultury, C"]
[Date "2014.09.29"]
[Round "5.8"]
[White "Rosicki, Marcin"]
[Black "Zylka, Stanislaw"]
[Result "1-0"]
[WhiteElo "1794"]
[BlackElo "1934"]
[PlyCount "89"]
[EventDate "2014.??.??"]

1. e4 c5 2. Nf3 Nc6 3. d4 cxd4 4. Nxd4 Nf6 5. Nc3 d6 6. Bg5 Bd7 7. Be2 Qa5 8.
Bxf6 gxf6 9. Nb3 Qg5 10. g3 h5 11. Nd4 Nxd4 12. Qxd4 Qa5 13. O-O-O h4 14. Kb1
Rc8 15. f4 Qc5 16. Qd3 Bh6 17. Rhe1 Kf8 18. Bf3 b5 19. e5 f5 20. exd6 e6 21.
Re5 Qf2 22. Nxb5 hxg3 23. hxg3 Bg7 24. Re2 Qxg3 25. Nxa7 Rb8 26. b3 Rh3 27. Bc6
Qxd3 28. Rxd3 Rxd3 29. cxd3 Bd4 30. Bxd7 Bxa7 31. Rh2 Rb6 32. Bxe6 fxe6 33.
Rh8+ Kg7 34. d7 Rd6 35. d8=Q Rxd8 36. Rxd8 Be3 37. a4 Kf7 38. Rd7+ Ke8 39. Rh7
Bxf4 40. a5 Be3 41. a6 f4 42. a7 Bxa7 43. Rxa7 f3 44. Kc2 f2 45. Ra1 1-0

[Event "Memorial Romana Baka OPEN FIDE"]
[Site "Starochorzowski Dom Kultury, C"]
[Date "2014.09.29"]
[Round "5.9"]
[White "Klementys, Jerzy"]
[Black "Solek, Zenon"]
[Result "1/2-1/2"]
[WhiteElo "1675"]
[BlackElo "1817"]
[PlyCount "94"]
[EventDate "2014.??.??"]

1. d4 Nf6 2. c4 c5 3. d5 a6 4. Nc3 b5 5. cxb5 axb5 6. Nxb5 Qa5+ 7. Nc3 Bb7 8.
Bd2 Qb6 9. e4 e6 10. dxe6 fxe6 11. e5 Ne4 12. Nxe4 Bxe4 13. Bc3 Be7 14. Qg4 Bg6
15. Nf3 O-O 16. Bc4 Nc6 17. O-O Rf5 18. Bd3 Raf8 19. Bxf5 Rxf5 20. Rfe1 Qd8 21.
Rad1 Bh5 22. Qe4 Bxf3 23. gxf3 Bg5 24. Qd3 Rf7 25. Qe4 Bf4 26. h3 Rf5 27. Kf1
Ne7 28. Rd6 Rf8 29. Qb7 Nf5 30. Rxd7 Qh4 31. Ke2 Bh6 32. Red1 Qc4+ 33. Ke1 Bg5
34. Qb3 Qa6 35. Rb7 Qc6 36. Rb8 Rxb8 37. Qxb8+ Kf7 38. Qa7+ Kg6 39. Bd2 Bh4 40.
Qb8 Nd4 41. Be3 Nxf3+ 42. Ke2 Ng5 43. Bxg5 Bxg5 44. Qb3 Qe4+ 45. Kf1 Qh1+ 46.
Ke2 Qe4+ 47. Kf1 Qh1+ 1/2-1/2

[Event "Memorial Romana Baka OPEN FIDE"]
[Site "Starochorzowski Dom Kultury, C"]
[Date "2014.09.29"]
[Round "5.10"]
[White "Strzemiecki, Zbigniew"]
[Black "Rychlik, Bogdan"]
[Result "1-0"]
[WhiteElo "2379"]
[BlackElo "1759"]
[PlyCount "57"]
[EventDate "2014.??.??"]

1. e4 c5 2. Nf3 a6 3. c4 Nc6 4. Nc3 d6 5. d4 cxd4 6. Nxd4 Nf6 7. Be2 Bd7 8. O-O
g6 9. Be3 Bg7 10. f3 Qc7 11. Rc1 Rc8 12. Qd2 Nxd4 13. Bxd4 e6 14. Rfd1 e5 15.
Be3 Be6 16. Qxd6 Qxd6 17. Rxd6 Bxc4 18. Rb6 O-O 19. Rxb7 Rfd8 20. Bxc4 Rxc4 21.
Rb6 h6 22. Rxa6 Rd3 23. Kf2 h5 24. Ke2 Rxe3+ 25. Kxe3 Bh6+ 26. Kd3 Rd4+ 27. Kc2
Rd2+ 28. Kb3 Rxg2 29. Rc2 1-0

[Event "Memorial Romana Baka OPEN FIDE"]
[Site "Starochorzowski Dom Kultury, C"]
[Date "2014.09.29"]
[Round "5.11"]
[White "Szczecina, Kamil"]
[Black "Kostowski, Andrzej"]
[Result "1-0"]
[WhiteElo "1889"]
[BlackElo "1629"]
[PlyCount "83"]
[EventDate "2014.??.??"]

1. Nf3 d5 2. g3 c6 3. Bg2 g6 4. O-O Bg7 5. d3 Nf6 6. Nbd2 O-O 7. e4 dxe4 8.
dxe4 Ng4 9. Qe2 Qc7 10. h3 Ne5 11. Nxe5 Bxe5 12. f4 Bg7 13. e5 b6 14. c4 Bb7
15. Qe4 Na6 16. Nb3 Rab8 17. c5 Rbd8 18. Be3 Nb8 19. Rfc1 b5 20. Nd4 a6 21. a4
bxa4 22. Rxa4 e6 23. Rc3 Rfe8 24. Rb4 Bf8 25. Qc2 Ba8 26. Nb3 Rd7 27. Rb6 Rc8
28. Na5 Qd8 29. Bf3 Be7 30. Nc4 h5 31. Nd6 Bxd6 32. cxd6 Ra7 33. Qd3 a5 34. Bd4
Nd7 35. Ra6 Rb7 36. Ra3 Rb5 37. Qc3 Rcb8 38. b3 g5 39. Be2 Rb4 40. Bc4 gxf4 41.
R6xa5 Qg5 42. Rxa8 1-0

[Event "Memorial Romana Baka OPEN FIDE"]
[Site "Starochorzowski Dom Kultury, C"]
[Date "2014.09.29"]
[Round "5.12"]
[White "Galyga, Jozef"]
[Black "Gredka, Dominika"]
[Result "1-0"]
[WhiteElo "1860"]
[BlackElo "1469"]
[PlyCount "25"]
[EventDate "2014.??.??"]

1. c4 e5 2. g3 Nf6 3. Bg2 Nc6 4. Nc3 Bb4 5. Nd5 Nxd5 6. cxd5 Ne7 7. Qb3 Bd6 8.
Nf3 O-O 9. d3 b6 10. O-O Bb7 11. Nd2 c6 12. Nc4 Bc7 13. d6 1-0

[Event "Memorial Romana Baka OPEN FIDE"]
[Site "Starochorzowski Dom Kultury, C"]
[Date "2014.09.29"]
[Round "5.13"]
[White "Blasiak, Miroslaw"]
[Black "Matysek, Pawel"]
[Result "0-1"]
[WhiteElo "1818"]
[BlackElo "1464"]
[PlyCount "72"]
[EventDate "2014.??.??"]

1. e4 e5 2. Nf3 Nc6 3. Bc4 Nf6 4. Ng5 d5 5. exd5 Na5 6. Bb5+ c6 7. dxc6 bxc6 8.
Be2 h6 9. Nf3 e4 10. Ne5 Bd6 11. f4 exf3 12. Nxf3 O-O 13. O-O c5 14. b3 Nc6 15.
Bb2 Qc7 16. Na3 a6 17. Nc4 Bf4 18. Ne3 Re8 19. Bxf6 Bxe3+ 20. dxe3 gxf6 21. Qd5
Rxe3 22. Bd3 Bg4 23. Qxc5 Rae8 24. Nd4 Qe5 25. Qxc6 Qxd4 26. Qxf6 Rxd3+ 27.
Qxd4 Rxd4 28. Rf6 Re2 29. Rxa6 Rdd2 30. Rxh6 Rxg2+ 31. Kf1 Rdf2+ 32. Ke1 Re2+
33. Kf1 Bf5 34. Rd1 Rxc2 35. Rd8+ Kg7 36. Rhh8 Bd3+ 0-1

[Event "Memorial Romana Baka OPEN FIDE"]
[Site "Starochorzowski Dom Kultury, C"]
[Date "2014.09.29"]
[Round "5.14"]
[White "Wirtek, Jerzy"]
[Black "Marek, Eugeniusz"]
[Result "0-1"]
[WhiteElo "1706"]
[BlackElo "1761"]
[PlyCount "110"]
[EventDate "2014.??.??"]

1. d4 Nf6 2. c4 e6 3. g3 c5 4. d5 exd5 5. cxd5 d6 6. Nc3 Be7 7. Bg2 O-O 8. Nf3
h6 9. O-O Bf5 10. Nd2 Qd7 11. e4 Bh3 12. Nc4 Bxg2 13. Kxg2 b5 14. e5 bxc4 15.
exf6 Bxf6 16. Bf4 Bxc3 17. bxc3 g5 18. Be3 Qf5 19. Qd2 Nd7 20. a4 Rab8 21. Rfd1
Ne5 22. Qe2 Nd3 23. Qf3 Qg6 24. a5 Rb3 25. Bd2 f5 26. Rab1 Ne5 27. Qe2 f4 28.
Qe1 Rfb8 29. Ra1 Re8 30. Qf1 f3+ 31. Kg1 Nd3 32. Qh3 Rb2 33. Be3 Re7 34. Qc8+
Qe8 35. Qxe8+ Rxe8 36. h3 Kf7 37. g4 Kg6 38. Ra4 Rxe3 39. fxe3 Rg2+ 40. Kf1 Rh2
41. Kg1 Rxh3 42. Rxd3 cxd3 43. Ra1 Rg3+ 44. Kf2 Rxg4 45. Kxf3 Rc4 46. e4 Rxc3
47. Ke3 c4 48. Rf1 Rc2 49. e5 Re2+ 50. Kd4 Rxe5 51. Kxc4 d2 52. Rd1 Re2 53. Kd3
Rf2 54. Kc2 g4 55. Rg1 h5 0-1

[Event "Memorial Romana Baka OPEN FIDE"]
[Site "Starochorzowski Dom Kultury, C"]
[Date "2014.09.29"]
[Round "5.15"]
[White "Nowakowski, Jan"]
[Black "Stepaniec, Lukasz"]
[Result "1/2-1/2"]
[WhiteElo "1692"]
[BlackElo "1856"]
[PlyCount "68"]
[EventDate "2014.??.??"]

1. e4 c5 2. Nf3 d6 3. c3 Nf6 4. Bd3 Nc6 5. O-O e5 6. Bc2 Bg4 7. h3 Bh5 8. Re1
Be7 9. g4 Bg6 10. d4 cxd4 11. cxd4 exd4 12. Nxd4 Nxd4 13. Qxd4 d5 14. Ba4+ Nd7
15. Qxd5 Qc7 16. Qxd7+ Qxd7 17. Bxd7+ Kxd7 18. Bf4 Bc5 19. Kg2 Rhe8 20. f3 Rad8
21. Nc3 Ke7 22. Nd5+ Kf8 23. Rac1 Bd4 24. b3 f6 25. Nc7 Be5 26. Be3 Re7 27. Nd5
Red7 28. Bxa7 Bf7 29. Bb6 Ra8 30. Re2 Bxd5 31. exd5 Rxd5 32. Rec2 Kf7 33. Be3
Rd3 34. Kf2 g5 1/2-1/2

[Event "Memorial Romana Baka OPEN FIDE"]
[Site "Starochorzowski Dom Kultury, C"]
[Date "2014.09.29"]
[Round "5.16"]
[White "Cieraszewski, Piotr"]
[Black "Muc, Zbigniew"]
[Result "0-1"]
[WhiteElo "1838"]
[BlackElo "1721"]
[PlyCount "98"]
[EventDate "2014.??.??"]

1. d4 Nf6 2. Nc3 e6 3. Bd2 b6 4. Nf3 Ba6 5. e4 Bxf1 6. Rxf1 d5 7. Qe2 Be7 8.
O-O-O O-O 9. Bg5 dxe4 10. Bxf6 exf3 11. Qxf3 Nd7 12. Bxe7 Qxe7 13. Qc6 Nf6 14.
Rfe1 Qd6 15. Qxd6 cxd6 16. f3 Rac8 17. Ne4 Ne8 18. Rd3 d5 19. Nd2 Nd6 20. Ree3
Nf5 21. Re2 Rc7 22. Nb1 Rfc8 23. Red2 b5 24. Rc3 b4 25. Rxc7 Rxc7 26. Rd3 a5
27. a3 Rc4 28. axb4 axb4 29. c3 bxc3 30. bxc3 Ra4 31. Kb2 Nd6 32. Na3 Ra8 33.
Kb3 Rb8+ 34. Kc2 h5 35. g3 g5 36. Re3 Ra8 37. Nb1 Ra2+ 38. Kd1 Rxh2 39. Re5 g4
40. fxg4 hxg4 41. Rg5+ Kf8 42. Rxg4 Ne4 43. Kc1 Rg2 44. c4 Nf2 45. Rh4 Nd3+ 46.
Kd1 Nb2+ 47. Kc1 Nxc4 48. Rg4 Ne3 49. Rg5 Rc2# 0-1

[Event "Memorial Romana Baka OPEN FIDE"]
[Site "Starochorzowski Dom Kultury, C"]
[Date "2014.09.29"]
[Round "5.17"]
[White "Nowak, Adam"]
[Black "Bobecki, Tadeusz"]
[Result "1/2-1/2"]
[WhiteElo "1458"]
[BlackElo "1815"]
[PlyCount "66"]
[EventDate "2014.??.??"]

1. c4 Nf6 2. Nc3 g6 3. g3 Bg7 4. Bg2 c6 5. e4 d6 6. Nge2 e5 7. d4 Nbd7 8. h3
O-O 9. Be3 Qc7 10. Qd2 Nb6 11. b3 exd4 12. Nxd4 Re8 13. O-O Bd7 14. Rac1 Rad8
15. Rfd1 c5 16. Nc2 Bc6 17. Nd5 Bxd5 18. exd5 Ne4 19. Bxe4 Rxe4 20. Bf4 Nc8 21.
Re1 Rde8 22. a4 Qd7 23. Kg2 a6 24. Rxe4 Rxe4 25. Re1 Qe8 26. f3 Rxe1 27. Qxe1
Qxe1 28. Nxe1 Bc3 29. Nc2 f6 30. g4 Kf7 31. Bg3 Ke7 32. f4 Bd2 33. Kf3 Bc1
1/2-1/2

[Event "Memorial Romana Baka OPEN FIDE"]
[Site "Starochorzowski Dom Kultury, C"]
[Date "2014.09.29"]
[Round "5.18"]
[White "Mandla, Maciej"]
[Black "Mostowski, Boguslaw"]
[Result "1-0"]
[WhiteElo "1635"]
[BlackElo "1766"]
[PlyCount "55"]
[EventDate "2014.??.??"]

1. e4 c5 2. Nf3 d6 3. d4 cxd4 4. Nxd4 Nf6 5. Nc3 a6 6. Bg5 e6 7. f4 Be7 8. Qf3
Qc7 9. O-O-O Nbd7 10. g4 b5 11. Bxf6 Nxf6 12. g5 Nd7 13. f5 Nc5 14. f6 gxf6 15.
gxf6 Bf8 16. Rg1 Rb8 17. Rg7 b4 18. Nd5 exd5 19. exd5 Rb6 20. Re1+ Kd8 21. Qe3
Be6 22. Nxe6+ Nxe6 23. dxe6 Bxg7 24. fxg7 Rg8 25. exf7 Qxf7 26. Qxb6+ Qc7 27.
Qxc7+ Kxc7 28. Re7+ 1-0

[Event "Memorial Romana Baka OPEN FIDE"]
[Site "Starochorzowski Dom Kultury, C"]
[Date "2014.09.29"]
[Round "5.19"]
[White "Krol, Rafal"]
[Black "Lendla, Janusz"]
[Result "1-0"]
[WhiteElo "1785"]
[BlackElo "1637"]
[PlyCount "73"]
[EventDate "2014.??.??"]

1. Nf3 Nf6 2. g3 g6 3. Bg2 Bg7 4. O-O d6 5. d4 O-O 6. c4 Nc6 7. Nc3 e5 8. d5
Ne7 9. e4 h6 10. h3 Nd7 11. Nh2 f5 12. f4 Kh7 13. exf5 gxf5 14. g4 fxg4 15.
Be4+ Kh8 16. Nxg4 Nc5 17. Bg2 Bf5 18. fxe5 Bxg4 19. Qxg4 Rxf1+ 20. Bxf1 dxe5
21. Be3 b6 22. Be2 a6 23. Rf1 Qd6 24. Rf7 Rg8 25. Kh1 Nd7 26. Qe6 Bf8 27. Qxd6
cxd6 28. Ne4 Rg7 29. Rf2 Rg8 30. Nxd6 Ng6 31. Ne4 Be7 32. Bxh6 Nc5 33. Nxc5
Bxc5 34. Rf6 Nh4 35. Bg4 e4 36. Re6 e3 37. Bxe3 1-0

[Event "Memorial Romana Baka OPEN FIDE"]
[Site "Starochorzowski Dom Kultury, C"]
[Date "2014.09.29"]
[Round "5.20"]
[White "Widera, Jan"]
[Black "Jopek, Krzysztof"]
[Result "1-0"]
[WhiteElo "1906"]
[BlackElo "1865"]
[PlyCount "77"]
[EventDate "2014.??.??"]

1. e4 e6 2. d4 d5 3. Nc3 Bb4 4. e5 b6 5. Qg4 Bf8 6. h4 h5 7. Qf4 Ba6 8. Nf3
Bxf1 9. Kxf1 Qd7 10. Ng5 Nc6 11. a3 Nh6 12. Rh3 Nf5 13. Rd3 O-O-O 14. b4 f6 15.
Nf3 Be7 16. Ne2 Rdf8 17. Qh2 Qe8 18. Bf4 Qf7 19. Rc3 fxe5 20. Rxc6 exf4 21.
Qxf4 Bd6 22. Qd2 Nxh4 23. Neg1 Nxf3 24. Nxf3 h4 25. Ng5 Qf5 26. Nh3 Rh6 27. a4
Rg6 28. Ra3 Qe4 29. f3 Qf5 30. Rb3 Rg3 31. a5 g5 32. Rxd6 cxd6 33. Qe2 Qf7 34.
axb6 axb6 35. Qb5 g4 36. Rc3+ Kb7 37. Qc6+ Kb8 38. Qxb6+ Qb7 39. Qxd6+ 1-0

[Event "Memorial Romana Baka OPEN FIDE"]
[Site "Starochorzowski Dom Kultury, C"]
[Date "2014.09.30"]
[Round "6.1"]
[White "Piesik, Piotr"]
[Black "Krzyzanowski, Marcin"]
[Result "1/2-1/2"]
[WhiteElo "2231"]
[BlackElo "2347"]
[PlyCount "31"]
[EventDate "2014.??.??"]

1. Nf3 Nf6 2. g3 b5 3. Bg2 Bb7 4. O-O e6 5. d3 d5 6. Nbd2 Be7 7. e4 c5 8. a4 b4
9. Qe2 Nc6 10. exd5 exd5 11. Nb3 O-O 12. Be3 Nd7 13. a5 Rc8 14. a6 Ba8 15. h4
Re8 16. Qd1 1/2-1/2

[Event "Memorial Romana Baka OPEN FIDE"]
[Site "Starochorzowski Dom Kultury, C"]
[Date "2014.09.30"]
[Round "6.2"]
[White "Raszka, Janusz"]
[Black "Sensula, Marek"]
[Result "1-0"]
[WhiteElo "2140"]
[BlackElo "1757"]
[PlyCount "95"]
[EventDate "2014.??.??"]

1. e4 c5 2. Nf3 Nc6 3. d4 cxd4 4. Nxd4 Nf6 5. Nc3 a6 6. Nxc6 dxc6 7. Qxd8+ Kxd8
8. Bf4 b5 9. O-O-O+ Nd7 10. e5 e6 11. Ne4 h6 12. Be2 Kc7 13. Bf3 Nb6 14. Bg3 a5
15. Bh5 g6 16. Be2 Be7 17. Nd6 Bxd6 18. exd6+ Kd7 19. Be5 Rg8 20. b3 Ba6 21.
Rd4 Nd5 22. Rh4 f6 23. Bb2 h5 24. c4 bxc4 25. bxc4 Kxd6 26. cxd5 Bxe2 27. Re4
Bg4 28. dxe6 Bxe6 29. a4 Bd5 30. Ba3+ Kd7 31. Re7+ Kd8 32. Rhe1 Bxg2 33. Rh7 c5
34. Rd1+ Ke8 35. Rdd7 Rc8 36. Bb2 Rc6 37. Bc3 Bh3 38. Rde7+ Kd8 39. Bxa5+ Kc8
40. Ra7 Kb8 41. Rhb7+ Kc8 42. Bb6 Re8 43. a5 Bf1 44. Rg7 Kb8 45. Rab7+ Ka8 46.
a6 Re1+ 47. Kc2 Re2+ 48. Kc3 1-0

[Event "Memorial Romana Baka OPEN FIDE"]
[Site "Starochorzowski Dom Kultury, C"]
[Date "2014.09.30"]
[Round "6.3"]
[White "Sroka, Janusz"]
[Black "Kaczmarek, Aleksander"]
[Result "0-1"]
[WhiteElo "2069"]
[BlackElo "2289"]
[PlyCount "88"]
[EventDate "2014.??.??"]

1. e4 c6 2. d4 d5 3. e5 c5 4. Nf3 Bg4 5. dxc5 e6 6. Be3 Nd7 7. Bb5 Ne7 8. b4
Nf5 9. Bf4 Nh4 10. O-O Bxf3 11. gxf3 Ng6 12. Qd2 a6 13. Ba4 Be7 14. Bg3 O-O 15.
Bxd7 Qxd7 16. c4 h5 17. Nc3 Rfd8 18. Rfd1 a5 19. bxa5 Bxc5 20. Qg5 h4 21. Bf4
Qc6 22. cxd5 exd5 23. Ne2 d4 24. Rd3 Re8 25. Rad1 Rxa5 26. a3 Bb6 27. Nxd4 Bxd4
28. Rxd4 Qxf3 29. R1d3 Qc6 30. Rd8 Ra8 31. R8d6 Qe4 32. R6d4 Qe1+ 33. Kg2 Ra6
34. Re3 Qb1 35. Rb4 Qc2 36. Kf3 Qd1+ 37. Kg2 Nxf4+ 38. Qxf4 Rg6+ 39. Kh3 Qf1+
40. Kxh4 Qg2 41. h3 Ree6 42. Rg3 Rh6+ 43. Kg4 Reg6+ 44. Kf5 Rh5+ 0-1

[Event "Memorial Romana Baka OPEN FIDE"]
[Site "Starochorzowski Dom Kultury, C"]
[Date "2014.09.30"]
[Round "6.4"]
[White "Faron, Rafal"]
[Black "Szmyd, Arkadiusz"]
[Result "1-0"]
[WhiteElo "2034"]
[BlackElo "2144"]
[PlyCount "35"]
[EventDate "2014.??.??"]

1. d4 d5 2. c4 Nc6 3. Nc3 dxc4 4. Nf3 Nf6 5. e4 Bg4 6. d5 Ne5 7. Bf4 Bxf3 8.
gxf3 Nfd7 9. Bxe5 Nxe5 10. Bxc4 e6 11. Qa4+ Qd7 12. Nb5 exd5 13. O-O-O c6 14.
exd5 g6 15. dxc6 Bh6+ 16. Kb1 Qf5+ 17. Bd3 Qxf3 18. cxb7 1-0

[Event "Memorial Romana Baka OPEN FIDE"]
[Site "Starochorzowski Dom Kultury, C"]
[Date "2014.09.30"]
[Round "6.5"]
[White "Morkisz, Bogdan"]
[Black "Rosicki, Marcin"]
[Result "1-0"]
[WhiteElo "2123"]
[BlackElo "1794"]
[PlyCount "41"]
[EventDate "2014.??.??"]

1. e4 e5 2. Nf3 Nc6 3. Bc4 Nf6 4. d3 Be7 5. c3 O-O 6. Bb3 d5 7. Qe2 Re8 8. Nbd2
Bf8 9. Nf1 Na5 10. Bc2 c5 11. Bg5 Qb6 12. b3 d4 13. c4 Qd6 14. Ng3 Rb8 15. O-O
b5 16. cxb5 Rxb5 17. Nh4 g6 18. f4 Nd7 19. f5 f6 20. fxg6 hxg6 21. Bd2 1-0

[Event "Memorial Romana Baka OPEN FIDE"]
[Site "Starochorzowski Dom Kultury, C"]
[Date "2014.09.30"]
[Round "6.6"]
[White "Matysek, Pawel"]
[Black "Strzemiecki, Zbigniew"]
[Result "0-1"]
[WhiteElo "1464"]
[BlackElo "2379"]
[PlyCount "60"]
[EventDate "2014.??.??"]

1. e4 e6 2. d4 d5 3. e5 c5 4. Nf3 Nc6 5. Bd3 cxd4 6. O-O Nge7 7. Bf4 Ng6 8. Bg3
Qb6 9. Nbd2 Qxb2 10. Nb3 Be7 11. Nfxd4 Nxd4 12. Nxd4 O-O 13. Bxg6 hxg6 14. Qd3
Qa3 15. c3 Bd7 16. Rab1 b6 17. Qc2 Rfc8 18. Rfc1 Rc4 19. f4 Rac8 20. Ne2 Qc5+
21. Bf2 Qc7 22. Qd3 Ra4 23. Rc2 Ra5 24. Bd4 Qc4 25. Qd2 Ba4 26. Rcc1 Bb5 27.
Ng3 Rxa2 28. Qd1 Ba3 29. Rxb5 Qxb5 30. Rb1 Rb2 0-1

[Event "Memorial Romana Baka OPEN FIDE"]
[Site "Starochorzowski Dom Kultury, C"]
[Date "2014.09.30"]
[Round "6.7"]
[White "Janiszewski, Maciej"]
[Black "Galyga, Jozef"]
[Result "1/2-1/2"]
[WhiteElo "1981"]
[BlackElo "1860"]
[PlyCount "60"]
[EventDate "2014.??.??"]

1. d4 Nf6 2. Nc3 e6 3. Bg5 Bb4 4. e4 h6 5. Bxf6 Qxf6 6. e5 Qe7 7. Bd3 c5 8. a3
Bxc3+ 9. bxc3 Nc6 10. Qg4 Kf8 11. Ne2 h5 12. Qf3 h4 13. Nf4 Kg8 14. Qg4 cxd4
15. Nh5 Rxh5 16. Qxh5 g6 17. Qe2 dxc3 18. O-O b6 19. Rfe1 Bb7 20. Qg4 Kg7 21.
Re4 Rh8 22. h3 Rh5 23. f4 Qc5+ 24. Kh2 Nd4 25. Rxd4 Qxd4 26. Rd1 Qe3 27. Bxg6
Qg3+ 28. Kg1 Qe3+ 29. Kh2 Qg3+ 30. Kg1 Qe3+ 1/2-1/2

[Event "Memorial Romana Baka OPEN FIDE"]
[Site "Starochorzowski Dom Kultury, C"]
[Date "2014.09.30"]
[Round "6.8"]
[White "Marek, Eugeniusz"]
[Black "Zawierucha, Aleksander"]
[Result "1/2-1/2"]
[WhiteElo "1761"]
[BlackElo "1957"]
[PlyCount "94"]
[EventDate "2014.??.??"]

1. c4 e6 2. Nc3 d5 3. cxd5 exd5 4. d4 Nf6 5. Bg5 Be7 6. e3 O-O 7. Nf3 c6 8. h3
Bf5 9. Bd3 Bxd3 10. Qxd3 Nbd7 11. O-O Ne4 12. Bf4 Ndf6 13. Be5 Re8 14. a3 a5
15. Rac1 Nd7 16. Bf4 Nb6 17. Rc2 Bd6 18. Be5 f6 19. Bxd6 Qxd6 20. Nd2 Nxd2 21.
Qxd2 Nc4 22. Qd3 b5 23. Ne2 Re7 24. Nc1 Rae8 25. Re1 g6 26. Nb3 f5 27. Nc5 f4
28. e4 Qf6 29. e5 Qh4 30. Qf3 h5 31. Rce2 Rf8 32. b3 Nxa3 33. Qd3 Kh7 34. f3
Rf5 35. e6 b4 36. Nb7 Nb5 37. Nxa5 Nc3 38. Rf2 Rf6 39. Nxc6 Rexe6 40. Rxe6 Rxe6
41. Ne5 Qf6 42. Nd7 Re1+ 43. Rf1 Rxf1+ 44. Kxf1 Qe7 45. Ne5 Qe6 46. Kg1 Qf6 47.
Kf1 Qe6 1/2-1/2